000 00217nam a2200097Ia 4500
008 230508s1998 xx 000 0 und d
041 _aeng
100 _aGULATI R R
245 _aMONOCHROM AND COLOR TV
260 _c1998
999 _c334750
_d334750